Loading...

Selected poems

Bibliographic Details
Main Author: Sankara Kurup G
Other Authors: Sankara Menon T C (tr.)
Format: Printed Book
Published: Thrissur Kerala Sahitya Academi 1977
Subjects:
LEADER 00882nam a22002531a 4500
020 |c 0.00 
040 |a SSUS - Library - Kalady 
082 |a 821  |b SAN/S 
100 |a Sankara Kurup G 
245 |a Selected poems  |h [Text] 
260 |a Thrissur  |b Kerala Sahitya Academi  |c 1977 
300 |a 74p. 
600 |a Literature English 
600 |a Literature 
600 |a Poetry English 
600 |a Translation Malayalam Poetry 
700 |a Sankara Menon T C (tr.) 
852 |h 821  |i SAN/S  |p 025887  |9 5.00  |t 0 
852 |h 821  |i SAN/S  |p 025886  |9 5.00  |t 0 
942 |c BK 
942 |c BK 
999 |c 41245  |d 41245 
952 |0 0  |1 0  |4 0  |6 821_000000000000000_SAN_S  |7 0  |9 59821  |a SSUS  |b SSUS  |d 2015-01-08  |g 5.00  |o 821 SAN/S  |p 025887  |r 2015-01-08  |v 0.00  |w 2015-01-08  |y BK 
952 |0 0  |1 0  |4 0  |6 821_000000000000000_SAN_S  |7 0  |9 59822  |a SSUS  |b SSUS  |d 2015-01-08  |g 5.00  |o 821 SAN/S  |p 025886  |r 2015-01-08  |v 0.00  |w 2015-01-08  |y BK